000 00357nam a2200157Ia 4500
003 OSt
005 20240108124733.0
008 170524s9999 xx 000 0 und d
020 _a0074633767
040 _cIIMT UNIVERSITY
100 _aStout- Rick
245 4 _aThe World Wide Web Complete Reference
260 _bTMH
260 _c1997
942 _2ddc
_c02
999 _c5246
_d5246